| 000 | 00771nam a2200241 i 4500 | ||
|---|---|---|---|
| 001 | 141967 | ||
| 003 | ES-MaACL | ||
| 005 | 20250817062558.0 | ||
| 007 | t| | ||
| 008 | 071001s1981 sp ||||1| spa d | ||
| 020 | _a84-7075-200-6 | ||
| 080 | _a634.63-155.03 | ||
| 100 | 1 |
_aVioque Cubero, Blanca. _9115420 |
|
| 245 | 1 | 0 |
_aEstudio de procesos bioquímicos implicados en la abscisión de la aceituna / _cBlanca Vioque Cubero. |
| 260 |
_aMadrid : _bFundación Juan March, _c[1981] |
||
| 300 |
_a52 p. ; _c21 cm. |
||
| 490 | 1 |
_aSerie universitaria ; _v150 |
|
| 650 | 1 | 4 |
_aAceitunas- _xRecolección. _99584 |
| 710 | 2 |
_aFundación Juan March _94346 |
|
| 830 | 0 |
_aSerie universitaria ; _v150 _9180747 |
|
| 852 |
_aES-MaACL _jL-1246 _bR.101762 |
||
| 999 |
_c141967 _d141967 |
||